Janner on meetings / (Record no. 3565)
[ view plain ]
| 000 -LEADER | |
|---|---|
| fixed length control field | nam a22 a 4500 |
| 003 - CONTROL NUMBER IDENTIFIER | |
| control field | AKMAL |
| 005 - DATE AND TIME OF LATEST TRANSACTION | |
| control field | 20170523111946.0 |
| 008 - FIXED-LENGTH DATA ELEMENTS--GENERAL INFORMATION | |
| fixed length control field | 170523s1986 -uk d 00 eng d |
| 020 ## - INTERNATIONAL STANDARD BOOK NUMBER | |
| Terms of availability | £15.00 : CIP entry (Apr.) |
| 040 ## - CATALOGING SOURCE | |
| Original cataloging agency | AKMAL |
| Transcribing agency | AKMAL |
| 082 04 - DEWEY DECIMAL CLASSIFICATION NUMBER | |
| Classification number | 658.4563 JAN |
| Edition number | 19 |
| 090 ## - LOCALLY ASSIGNED LC-TYPE CALL NUMBER (OCLC); LOCAL CALL NUMBER (RLIN) | |
| Classification number (OCLC) (R) ; Classification number, CALL (RLIN) (NR) | 658.4563 |
| Local cutter number (OCLC) ; Book number/undivided call number, CALL (RLIN) | JAN |
| 100 1# - MAIN ENTRY--PERSONAL NAME | |
| Personal name | Janner, Greville, |
| Dates associated with a name | 1928- |
| 9 (RLIN) | 7097 |
| 245 10 - TITLE STATEMENT | |
| Title | Janner on meetings / |
| Statement of responsibility, etc. | Greville Janner |
| 260 ## - PUBLICATION, DISTRIBUTION, ETC. | |
| Place of publication, distribution, etc. | Aldershot, Hants, |
| Date of publication, distribution, etc. | Gower, |
| -- | 1986 |
| 300 00 - PHYSICAL DESCRIPTION | |
| Extent | 172p. ; |
| Dimensions | 23cm |
| 650 #0 - SUBJECT ADDED ENTRY--TOPICAL TERM | |
| Topical term or geographic name entry element | Meetings |
| 9 (RLIN) | 7058 |
| 690 00 - LOCAL SUBJECT ADDED ENTRY--TOPICAL TERM (OCLC, RLIN) | |
| Geographic subdivision | 11030 |
| Topical term or geographic name as entry element | meetings |
| Geographic subdivision | 21030 |
| Topical term or geographic name as entry element | organisation |
| Geographic subdivision | 60030 |
| Topical term or geographic name as entry element | manuals |
| 9 (RLIN) | 7098 |
| 691 00 - LOCAL SUBJECT ADDED ENTRY--GEOGRAPHIC NAME (RLIN) | |
| Geographic name | 0253081 |
| 9 (RLIN) | 7099 |
| 942 ## - ADDED ENTRY ELEMENTS (KOHA) | |
| Source of classification or shelving scheme | |
| Koha item type | Book |
| Withdrawn status | Lost status | Source of classification or shelving scheme | Damaged status | Not for loan | Collection code | Home library | Current library | Shelving location | Date acquired | Inventory number | Total Checkouts | Full call number | Barcode | Date last seen | Price effective from | Koha item type |
|---|---|---|---|---|---|---|---|---|---|---|---|---|---|---|---|---|
| NON-FICTION | AKMAL Melaka | AKMAL Melaka | PINJAMAN | 23.05.2017 | 600958 | 658.4563 JAN | 201704596 | 23.05.2017 | 23.05.2017 | Book |
